[Event "AUTO-INT-3609"]
[Site "http://www.queenalice.com/game.php?id=1634747"]
[Date "2020.11.29"]
[Round "1"]
[White "askasl159"]
[Black "daniel0176"]
[Result "0-1"]
[WhiteElo "1803"]
[BlackElo "1535"]

1. e4 e6 2. d4 c6 3. e5 d6 4. Nf3 h6 5. Bd3 Be7 6. O-O Nd7 7. Bf4 Ngf6 8. h3 O-O
9. exd6 Bxd6 10. Ne5 Bxe5 11. dxe5 Nd5 12. Bg3 a5 13. c4 Ne7 14. Nc3 a4 15. Nxa4
Re8 16. b3 b5 17. cxb5 cxb5 18. Nc3 b4 19. Ne4 Nf5 20. Bb5 Ra5 21. Bxd7 Bxd7 22.
Nd6 Nxd6 23. exd6 Rd5 24. Qe1 Bb5 25. Qxb4 Bxf1 26. Kxf1 e5 27. Re1 Rxd6 28.
Bxe5 Rd1 29. Qb5 Rxe1+ 30. Kxe1 Qc8 31. Kd2 Rd8+ 32. Ke3 Re8 33. Kf4 Qc1+ 34.
Kg3 Qg5+ 35. Kf3 Rxe5 36. Qb8+ Kh7 37. g4 h5 38. Kg3 h4+ 39. Kg2 Re2 40. Qc8
Qd5+ 41. Kg1 Qd1+ 42. Kg2 Re5 43. Qc4 Kg8 44. Qf4 Qd5+ 45. Kh2 Re2 46. a4 Qxb3
47. a5 Qb5 48. Qf3 Re1 49. Qf5 Qf1 0-1

[Event "AUTO-INT-3610"]
[Site "http://www.queenalice.com/game.php?id=1635015"]
[Date "2020.12.2"]
[Round "1"]
[White "askasl159"]
[Black "daniel0176"]
[Result "1/2-1/2"]
[WhiteElo "1770"]
[BlackElo "1535"]

1. e4 c5 2. Nf3 e6 3. d4 cxd4 4. Qxd4 Nc6 5. Qe3 Nf6 6. h3 Nb4 7. Bd3 b6 8. O-O
Bc5 9. Qe2 O-O 10. a3 Nc6 11. b4 Be7 12. Bb2 d5 13. b5 Na5 14. Bxf6 Bxf6 15. e5
Be7 16. c4 dxc4 17. Bxc4 a6 18. Rd1 Qc7 19. Ba2 Re8 20. Nd4 Bc5 21. a4 Bd7 22.
Nb3 Nxb3 23. Bxb3 axb5 24. Qe4 Bc6 25. Qf4 bxa4 26. Bc4 b5 27. Bd3 b4 28. Nd2
Bd4 29. Qxd4 Rad8 30. Qe3 b3 31. Be4 b2 32. Rab1 Bxe4 33. Qxe4 Qb6 34. Qc2 a3
35. Nb3 Rc8 36. Qd3 Rcd8 37. Qc2 Rc8 38. Qd3 Red8 39. Qe3 Rxd1+ 40. Rxd1 Qxe3
41. fxe3 a2 42. Kh2 h6 1/2-1/2

[Event "AUTO-INT-3610"]
[Site "http://www.queenalice.com/game.php?id=1635016"]
[Date "2020.12.2"]
[Round "1"]
[White "daniel0176"]
[Black "askasl159"]
[Result "0-1"]
[WhiteElo "1551"]
[BlackElo "1737"]

1. e4 e5 2. Nf3 Nc6 3. c3 f5 4. exf5 Nf6 5. Bc4 d5 6. Bb3 Bxf5 7. O-O Bc5 8. d4
exd4 9. cxd4 Bb6 10. Re1+ Ne7 11. Bg5 O-O 12. Bxf6 Rxf6 13. a4 c5 14. a5 Bc7 15.
Nc3 c4 16. Ba2 Bxa5 17. Nh4 Bd3 18. b3 Bxc3 19. bxc4 dxc4 20. Rc1 Bxe1 21. Qxe1
Nf5 22. Nxf5 Rxf5 23. Qe6+ Kh8 24. Bxc4 Rf6 25. Qe3 Bxc4 26. Rxc4 Rc6 27. Rxc6
bxc6 28. Qe4 Qe8 29. Qxe8+ Rxe8 30. h3 a5 31. g4 a4 32. h4 a3 33. g5 a2 34. Kg2
a1=Q 35. d5 cxd5 36. h5 Qc3 37. g6 Re4 38. gxh7 Rg4+ 39. Kf1 Qd2 40. h6 Qd1# 0-1

[Event "AUTO-INT-3610"]
[Site "http://www.queenalice.com/game.php?id=1635031"]
[Date "2020.12.2"]
[Round "1"]
[White "SGF"]
[Black "daniel0176"]
[Result "1-0"]
[WhiteElo "1653"]
[BlackElo "1515"]

1. e4 c5 2. Qh5 Nf6 3. Qxc5 e5 4. Qxe5+ Be7 5. f3 O-O 6. d3 Nc6 7. Qg3 Nh5 8.
Qg4 g6 9. f4 d5 10. f5 Nf6 11. Qg3 Bd6 12. Bf4 Bxf4 13. Qxf4 Nh5 14. Qg4 Nf6 15.
Qg5 Nh5 16. Qh6 Ne5 17. fxg6 fxg6 18. Be2 Nf7 19. Qe3 d4 20. Qd2 Bd7 21. Bxh5
Ne5 22. Be2 Qf6 23. Nf3 Nxf3+ 24. Bxf3 Rae8 25. Qb4 b6 26. Nd2 Rb8 27. O-O a5
28. Qb3+ Be6 29. Qb5 Qe7 30. Qe5 Rbd8 31. Bg4 Rxf1+ 32. Rxf1 Re8 33. Bxe6+ Qxe6
34. Qxe6+ Rxe6 35. Nc4 b5 36. Nxa5 Ra6 37. b4 h5 38. h4 Kh7 39. Rf7+ 1-0

[Event "AUTO-INT-3610"]
[Site "http://www.queenalice.com/game.php?id=1635032"]
[Date "2020.12.2"]
[Round "1"]
[White "daniel0176"]
[Black "SGF"]
[Result "0-1"]
[WhiteElo "1564"]
[BlackElo "1764"]

1. e4 e5 2. Nf3 Qf6 3. c3 d6 4. h3 g5 5. Bc4 g4 6. Bxf7+ Qxf7 7. O-O gxf3 8.
Qxf3 Qxf3 9. gxf3 Bxh3 10. Re1 Nf6 11. d3 h5 12. Bg5 Rg8 13. Kh2 Rxg5 14. Kxh3
Nbd7 15. d4 O-O-O 16. Nd2 Be7 17. Nc4 Rdg8 18. a4 Rg2 19. Rg1 Rxf2 20. Rxg8+
Nxg8 21. Kg3 Re2 22. b4 h4+ 23. Kh3 Rc2 24. b5 Rxc3 25. Na5 Rxf3+ 26. Kg4 Rf4+
27. Kh5 exd4 28. Rb1 Rxe4 29. Nxb7 Kxb7 30. a5 d3 31. Rd1 Nc5 32. a6+ Kb6 33.
Rb1 d2 34. Kg6 Re1 35. Rxe1 dxe1=Q 36. Kh5 Qe5+ 37. Kg6 h3 38. Kf7 Qe6+ 39. Kg7
h2 40. Kh7 h1=Q+ 41. Kg7 Qg1+ 42. Kh7 Qh6# 0-1

[Event "AUTO-INT-3610"]
[Site "http://www.queenalice.com/game.php?id=1635041"]
[Date "2020.12.2"]
[Round "1"]
[White "Carlos19"]
[Black "daniel0176"]
[Result "1-0"]
[WhiteElo "1400"]
[BlackElo "1423"]

1. e4 c5 2. Nc3 Nc6 3. Bc4 e6 4. d3 Nf6 5. Bg5 Be7 6. Nf3 h6 7. Bxf6 Bxf6 8. O-O
O-O 9. h3 a6 10. Re1 b5 11. Bb3 Rb8 12. a3 b4 13. axb4 cxb4 14. Na4 Re8 15. e5
Be7 16. d4 d6 17. c3 bxc3 18. bxc3 Qc7 19. exd6 Bxd6 20. Qd3 Rxb3 21. d5 Nb4 22.
Qd1 Qc4 23. Nd2 Qf4 24. Nxb3 Bb7 25. g3 Qg5 26. cxb4 Bxd5 27. Rb1 Bxg3 28. Qg4
Qxg4 29. hxg4 Bd6 30. Nd4 e5 31. Nf5 Bc7 32. Rbc1 Bb8 33. Rc5 Bf3 34. Ne3 Bd6
35. Ra5 Bxb4 36. Rb1 Bxa5 37. Nc4 Bc7 38. Rc1 Bxg4 39. Ne3 Bh5 40. Rxc7 Bg6 41.
Nd5 Be4 42. Ndc3 Bc2 43. Ra7 e4 44. Rxa6 Bd3 45. Rd6 e3 46. Rxd3 e2 47. Nxe2
Rxe2 48. f4 Re4 49. Nc3 Rxf4 50. Nd5 1-0

[Event "AUTO-INT-3610"]
[Site "http://www.queenalice.com/game.php?id=1635042"]
[Date "2020.12.2"]
[Round "1"]
[White "daniel0176"]
[Black "Carlos19"]
[Result "0-1"]
[WhiteElo "1556"]
[BlackElo "1412"]

1. e4 e5 2. Nf3 Nc6 3. c3 Nf6 4. h3 d6 5. d3 Bd7 6. Be2 Be7 7. O-O O-O 8. Re1 h6
9. c4 Nd4 10. Nc3 Nxf3+ 11. Bxf3 c6 12. Be3 a6 13. d4 exd4 14. Bxd4 b5 15. e5
dxe5 16. Bxe5 Bb4 17. Qc2 Re8 18. a3 Bxc3 19. bxc3 bxc4 20. Rad1 Qb6 21. Bd4 Qb3
22. Rxe8+ Rxe8 23. Qxb3 cxb3 24. Rb1 Rb8 25. g4 h5 26. gxh5 Bxh3 27. Bxc6 Nxh5
28. Bd5 Bf5 29. Be5 Rb5 30. Rd1 b2 31. Ba2 Rxe5 32. a4 Ra5 33. Rd8+ Kh7 34. Rd1
f6 35. Kh2 Rxa4 36. Kg2 Rxa2 37. c4 b1=Q 38. Rxb1 Bxb1 0-1

[Event "AUTO-INT-3612"]
[Site "http://www.queenalice.com/game.php?id=1635587"]
[Date "2020.12.6"]
[Round "1"]
[White "daniel0176"]
[Black "ajr"]
[Result "0-1"]
[WhiteElo "1529"]
[BlackElo "1588"]

1. e4 c5 2. Nf3 e6 3. Nc3 Nc6 4. Bb5 b6 5. Bxc6 dxc6 6. O-O Nf6 7. h3 b5 8. a3
Bd6 9. Re1 Bc7 10. e5 Nd5 11. Ne4 c4 12. d3 cxd3 13. Qxd3 O-O 14. Bg5 Qd7 15.
Nc5 Qe8 16. Qd1 h6 17. Bd2 Qe7 18. Bb4 Nxb4 19. axb4 Bb6 20. Nd3 Rd8 21. Qe2 Bb7
22. Rad1 a5 23. c3 axb4 24. cxb4 Qc7 25. b3 Ra3 26. Qb2 Raa8 27. Re2 g5 28. Qd2
Rd5 29. Nxg5 hxg5 30. Qxg5+ Kf8 31. Re4 Qd8 32. Qh6+ Ke8 33. Rg4 Kd7 34. Rg7 Qe7
35. Qh5 Rf8 36. Qf3 Rd4 37. Nc5+ Bxc5 38. bxc5 Rxd1+ 39. Qxd1+ Ke8 40. Qa1 Qxc5
41. Rg3 Ke7 42. Rd3 f6 43. Re3 f5 44. h4 Qd5 45. h5 c5 46. Rg3 f4 47. Rf3 Rg8
0-1

[Event "AUTO-INT-3612"]
[Site "http://www.queenalice.com/game.php?id=1635588"]
[Date "2020.12.6"]
[Round "1"]
[White "ajr"]
[Black "daniel0176"]
[Result "1-0"]
[WhiteElo "1574"]
[BlackElo "1514"]

1. d4 d5 2. Nc3 e6 3. Nf3 h6 4. e3 Nf6 5. Bd3 Bd6 6. O-O O-O 7. Re1 Nc6 8. e4
Bb4 9. Qd2 Re8 10. e5 Ng4 11. h3 Nxf2 12. Qxf2 a6 13. Bd2 b5 14. Qg3 Bxc3 15.
Bxc3 b4 16. Bd2 Bb7 17. Bxh6 g6 18. Bxg6 1-0

[Event "AUTO-INT-3612"]
[Site "http://www.queenalice.com/game.php?id=1635589"]
[Date "2020.12.6"]
[Round "1"]
[White "daniel0176"]
[Black "Becket"]
[Result "1/2-1/2"]
[WhiteElo "1500"]
[BlackElo "1615"]

1. e4 e5 2. Nf3 d6 3. h3 Be7 4. Bc4 Nf6 5. O-O O-O 6. Ng5 d5 7. Bb3 c6 8. Re1
Nbd7 9. d3 Nc5 10. exd5 Nxb3 11. cxb3 Qxd5 12. Nc3 Qd6 13. a3 Nd5 14. Nf3 Nxc3
15. bxc3 f6 16. Nh4 f5 17. Nf3 e4 18. Ng5 h6 19. Nxe4 fxe4 20. Rxe4 Qf6 21. Be3
Bd6 22. c4 Bd7 23. c5 Bc7 24. Rb1 Qg6 25. Rh4 Bd8 26. Qh5 Qxd3 27. Rd1 Qf5 28.
Qxf5 Bxf5 29. Rf4 Bc2 30. Rc1 Bxb3 31. Rxf8+ 1/2-1/2

[Event "AUTO-INT-3612"]
[Site "http://www.queenalice.com/game.php?id=1635590"]
[Date "2020.12.6"]
[Round "1"]
[White "Becket"]
[Black "daniel0176"]
[Result "1-0"]
[WhiteElo "1697"]
[BlackElo "1539"]

1. d4 d5 2. e3 Nf6 3. Nf3 e6 4. c4 Be7 5. Nc3 O-O 6. cxd5 exd5 7. a3 Nc6 8. Be2
Re8 9. O-O Bd6 10. Bd3 a6 11. Re1 Bg4 12. Be2 b5 13. b4 h6 14. Nb1 Rb8 15. Nbd2
Qd7 16. Qc2 a5 17. bxa5 Nxa5 18. h3 Bxh3 19. gxh3 Qxh3 20. Bf1 Qg4+ 21. Bg2 b4
22. axb4 Bxb4 23. Qxc7 Rec8 24. Qh2 Qe6 25. Ba3 Bxd2 26. Nxd2 Ng4 27. Qg3 Rd8
28. Bh3 f5 29. Bc5 Nc6 30. Ra6 Rbc8 31. Rb1 Re8 32. Rbb6 h5 33. Nb3 f4 34. Qxf4
Qg6 35. Bxg4 hxg4 36. Na5 Re4 37. Qg3 Re6 38. Nxc6 Rexc6 39. Rxc6 Rxc6 40. Rxc6
Qxc6 41. Qxg4 Qf6 42. Kg2 1-0

[Event "AUTO-INT-3612"]
[Site "http://www.queenalice.com/game.php?id=1635591"]
[Date "2020.12.6"]
[Round "1"]
[White "daniel0176"]
[Black "Tenor"]
[Result "0-1"]
[WhiteElo "1379"]
[BlackElo "1604"]

1. e4 Nc6 2. Nf3 e5 3. c3 Nf6 4. h3 Nxe4 5. Qe2 d5 6. d3 Nd6 7. Be3 e4 8. dxe4
Be6 9. Ng5 Nxe4 10. Nxe4 dxe4 11. Nd2 f5 12. Nf3 h6 13. Rd1 Qe7 14. Nd4 Bxa2 15.
Nxf5 Qe5 16. Qh5+ Bf7 17. Qg4 h5 18. Qg5 Ne7 19. Bd4 Qxf5 20. Qxf5 Nxf5 21. Be2
Nxd4 22. Rxd4 Bg6 23. O-O Bc5 24. Rc4 b6 25. Re1 O-O-O 26. Ra4 a5 27. Ba6+ Kb8
28. Kh1 Bxf2 29. Rf1 e3 30. Raa1 Rd2 31. b4 Bd3 32. Bxd3 Rxd3 33. bxa5 b5 34. a6
Ka7 35. g4 hxg4 36. Kg2 Rxh3 37. c4 bxc4 38. Rxf2 Rd2 39. Rxd2 Rh6 40. Rd7 Rc6
41. Rxg7 c3 0-1

[Event "AUTO-INT-3612"]
[Site "http://www.queenalice.com/game.php?id=1635592"]
[Date "2020.12.6"]
[Round "1"]
[White "Tenor"]
[Black "daniel0176"]
[Result "0-1"]
[WhiteElo "1498"]
[BlackElo "1485"]

1. d4 d5 2. Nc3 e6 3. Bf4 c6 4. e4 Bb4 5. e5 Ne7 6. Bd3 O-O 7. Ne2 h6 8. a3
Bxc3+ 9. Nxc3 a6 10. Qg4 Nf5 11. Bxf5 exf5 12. Qe2 b5 13. b4 Nd7 14. O-O a5 15.
Qh5 axb4 16. axb4 Rxa1 17. Rxa1 Nf6 18. exf6 Qxf6 19. Ne2 Re8 20. Ng3 Qxd4 21.
Rb1 Qxf4 22. c3 d4 23. cxd4 Qxd4 24. Nxf5 Qe4 25. g4 Qxb1+ 26. Kg2 Qe4+ 0-1

[Event "AUTO-INT-3618"]
[Site "http://www.queenalice.com/game.php?id=1637248"]
[Date "2020.12.22"]
[Round "1"]
[White "Carlos19"]
[Black "daniel0176"]
[Result "1-0"]
[WhiteElo "1342"]
[BlackElo "1481"]

1. e4 e5 2. Bc4 Qe7 3. Nf3 h6 4. O-O Nf6 5. d3 c6 6. Nc3 b5 7. Bb3 d6 8. h3 a5
9. a4 b4 10. Ne2 Be6 11. Bxe6 Qxe6 12. c3 bxc3 13. bxc3 Be7 14. d4 O-O 15. Ng3
Nbd7 16. Nf5 Rac8 17. Re1 Rfe8 18. dxe5 dxe5 19. Nxe7+ Qxe7 20. Ba3 Qd8 21. g4
Nh7 22. c4 Rc7 23. Bd6 Rb7 24. Rb1 Rxb1 25. Qxb1 Nhf6 26. Rd1 Nb6 27. Bxe5 Qe7
28. Qxb6 Nxe4 29. Qxc6 1-0

[Event "AUTO-INT-3618"]
[Site "http://www.queenalice.com/game.php?id=1637249"]
[Date "2020.12.22"]
[Round "1"]
[White "daniel0176"]
[Black "Carlos19"]
[Result "0-1"]
[WhiteElo "1505"]
[BlackElo "1307"]

1. e4 e5 2. Nf3 Nc6 3. c3 Nf6 4. Bd3 d5 5. Qe2 Be6 6. O-O dxe4 7. Bxe4 Bc5 8. h3
O-O 9. Bxc6 bxc6 10. b4 Bb6 11. d4 e4 12. Ng5 Bf5 13. Nd2 h6 14. Nxf7 Rxf7 15.
Nc4 Nd5 16. a4 Nxc3 17. Qc2 Bxd4 18. Bb2 e3 19. Bxc3 Bxc2 20. Bxd4 Qxd4 21. Rac1
exf2+ 22. Kh1 Qxc4 23. g4 a5 24. bxa5 Rxa5 25. Kh2 Rxa4 26. Kg2 Qd5+ 27. Kh2
Qe5+ 0-1

[Event "AUTO-INT-3618"]
[Site "http://www.queenalice.com/game.php?id=1637260"]
[Date "2020.12.22"]
[Round "1"]
[White "Danado"]
[Black "daniel0176"]
[Result "1-0"]
[WhiteElo "1516"]
[BlackElo "1436"]

1. e4 e6 2. d4 Nc6 3. Nf3 h6 4. a3 Be7 5. Nc3 a6 6. Be3 d6 7. Bd3 e5 8. d5 Na7
9. Bxa7 Rxa7 10. h3 Nf6 11. Qd2 O-O 12. O-O c6 13. dxc6 bxc6 14. Qe2 Ra8 15. Qe3
Be6 16. Ne2 d5 17. Rad1 d4 18. Qd2 Qd7 19. Nxe5 Qc7 20. Nc4 a5 21. a4 Bb4 22.
Qc1 Rab8 23. c3 dxc3 24. bxc3 Be7 25. Nd4 Bxc4 26. Bxc4 Nxe4 27. Rde1 Nd6 28.
Bd5 cxd5 29. Qc2 Nc4 30. Qa2 Rb2 31. Qa1 Ba3 32. Re2 Rb7 33. Nb5 Qc5 34. Nd4
Rfb8 35. Nc2 Bb2 36. Qe1 Nd6 37. Qd2 Bxc3 38. Qe3 Qc6 39. Rc1 Qxa4 40. Qxc3 1-0

[Event "AUTO-INT-3618"]
[Site "http://www.queenalice.com/game.php?id=1637261"]
[Date "2020.12.22"]
[Round "1"]
[White "daniel0176"]
[Black "Danado"]
[Result "1-0"]
[WhiteElo "1548"]
[BlackElo "1550"]

1. e4 e5 2. Nf3 d6 3. h3 a6 4. Bc4 h6 5. O-O Nc6 6. Nc3 Nf6 7. d4 exd4 8. Nxd4
Nxd4 9. Qxd4 Be6 10. Bxe6 fxe6 11. Re1 e5 12. Qd1 Qe7 13. a3 O-O-O 14. Qe2 d5
15. exd5 Qd6 16. b4 Be7 17. Qe3 Nxd5 18. Nxd5 Qxd5 19. Qa7 Kd7 20. Bb2 Bf6 21.
Red1 1-0

[Event "AUTO-INT-3618"]
[Site "http://www.queenalice.com/game.php?id=1637266"]
[Date "2020.12.22"]
[Round "1"]
[White "SCORPION77"]
[Black "daniel0176"]
[Result "1/2-1/2"]
[WhiteElo "1603"]
[BlackElo "1536"]

1. e4 e6 2. d4 d5 3. e5 Nc6 4. Bb5 Bd7 5. Nc3 Bb4 6. Bd2 a6 7. Ba4 Bxc3 8. Bxc3
Nge7 9. Nf3 O-O 10. O-O b5 11. Bb3 a5 12. a3 a4 13. Ba2 Re8 14. h3 h6 15. Re1
Nf5 16. Qe2 Rb8 17. Rab1 b4 18. axb4 Qe7 19. Bd2 Na7 20. Bc3 Bb5 21. Qd2 Bc6 22.
Qf4 Nb5 23. Rbd1 a3 24. bxa3 Nxc3 25. Ra1 Nxa2 26. Rxa2 Bb5 27. Rc1 Bc4 28. Rb2
Be2 29. c3 Bxf3 30. Qxf3 Qg5 31. Re1 Nh4 32. Qg3 Qe7 33. a4 Nf5 34. Qd3 Nh4 35.
a5 Nf5 36. Qf3 Nh4 37. Qg3 Nf5 1/2-1/2

[Event "AUTO-INT-3618"]
[Site "http://www.queenalice.com/game.php?id=1637267"]
[Date "2020.12.22"]
[Round "1"]
[White "daniel0176"]
[Black "SCORPION77"]
[Result "1/2-1/2"]
[WhiteElo "1534"]
[BlackElo "1582"]

1. e4 e5 2. Nf3 d6 3. h3 Nf6 4. Nc3 a6 5. d4 exd4 6. Nxd4 h6 7. Nf3 Nc6 8. Bd3
Be7 9. O-O Ng8 10. Re1 Nf6 11. a3 O-O 12. Be3 Be6 13. e5 Nxe5 14. Nxe5 dxe5 15.
Qe2 Bd6 16. Rad1 Rc8 17. b4 b5 18. Rb1 c5 19. Qd2 cxb4 20. axb4 Qc7 21. Ne2 Qe7
22. Bxh6 Nh5 23. Nc3 gxh6 24. Qxh6 f5 25. Qxh5 Qh7 26. Qe2 e4 27. Bxe4 fxe4 28.
Nxe4 Bc4 29. Qg4+ Kh8 30. Ng5 Qg6 31. Qh4+ Kg8 32. Rbd1 Bxb4 33. Re4 Rf5 34. Rg4
Be7 35. f4 1/2-1/2

[Event "AUTO-INT-3622"]
[Site "http://www.queenalice.com/game.php?id=1638711"]
[Date "2021.1.3"]
[Round "1"]
[White "Dinda54"]
[Black "daniel0176"]
[Result "1-0"]
[WhiteElo "1622"]
[BlackElo "1386"]

1. e4 c5 2. Bc4 e6 3. Nf3 h6 4. O-O Nc6 5. Nc3 Nf6 6. a3 Be7 7. e5 Ng4 8. h3
Ngxe5 9. Qe2 O-O 10. Nxe5 Nxe5 11. Qxe5 d6 12. Qg3 a6 13. d3 b5 14. Bxh6 Bf6 15.
Bb3 Re8 16. Qf3 Rb8 17. Bd2 Bb7 18. Qh5 d5 19. Ne2 Bxb2 20. Ra2 Bf6 21. c3 1-0

[Event "AUTO-INT-3622"]
[Site "http://www.queenalice.com/game.php?id=1638712"]
[Date "2021.1.3"]
[Round "1"]
[White "daniel0176"]
[Black "Dinda54"]
[Result "0-1"]
[WhiteElo "1393"]
[BlackElo "1615"]

1. e4 e5 2. Nf3 Nc6 3. a3 a6 4. Nc3 Nf6 5. h3 Bd6 6. Bc4 h6 7. O-O Nh5 8. Bxf7+
Kxf7 9. d4 Re8 10. dxe5 Bxe5 11. Nd5 Kg8 12. c3 Na5 13. b4 Nc4 14. Qd3 b5 15. a4
c6 16. Ne3 Nf4 17. Qd1 Bxc3 18. Rb1 Qe7 19. Re1 Bxe1 20. Qxe1 Qxe4 21. Rb3 bxa4
0-1

[Event "AUTO-INT-3622"]
[Site "http://www.queenalice.com/game.php?id=1638725"]
[Date "2021.1.3"]
[Round "1"]
[White "daniel0176"]
[Black "JoseMessias"]
[Result "0-1"]
[WhiteElo "1459"]
[BlackElo "1693"]

1. e4 e5 2. Nf3 Nc6 3. c3 Nf6 4. h3 Nxe4 5. Qe2 d5 6. d3 Nf6 7. Bg5 h6 8. Bxf6
Qxf6 9. Qd2 d4 10. Be2 Bf5 11. O-O Qg6 12. Nh4 Qf6 13. Nf3 Qg6 14. Nh4 Qe6 15.
Nxf5 Qxf5 16. Bg4 Qf4 17. Qe2 Bd6 18. cxd4 Nxd4 19. Qd1 e4 20. Re1 Qh2+ 0-1

[Event "AUTO-INT-3622"]
[Site "http://www.queenalice.com/game.php?id=1638726"]
[Date "2021.1.3"]
[Round "1"]
[White "JoseMessias"]
[Black "daniel0176"]
[Result "1-0"]
[WhiteElo "1662"]
[BlackElo "1406"]

1. g3 e5 2. Bg2 d5 3. e4 d4 4. Nf3 Nc6 5. d3 Nf6 6. Bg5 Be7 7. Nbd2 O-O 8. Nc4
Bd6 9. Nh4 h6 10. Bxf6 Qxf6 11. O-O b5 12. Nxd6 Qxd6 13. Nf5 Bxf5 14. exf5 Qf6
15. g4 Rad8 16. Bxc6 Qxc6 17. Rc1 Qf6 18. f4 Rfe8 19. c3 e4 20. cxd4 Qxd4+ 21.
Kh1 e3 22. Qe2 Qd5+ 23. Rf3 Qxa2 24. Rxe3 1-0

[Event "AUTO-INT-3622"]
[Site "http://www.queenalice.com/game.php?id=1638727"]
[Date "2021.1.3"]
[Round "1"]
[White "daniel0176"]
[Black "Tenor"]
[Result "0-1"]
[WhiteElo "1372"]
[BlackElo "1654"]

1. e4 d5 2. e5 e6 3. Nf3 c5 4. d4 c4 5. b3 b5 6. Bd2 Nc6 7. bxc4 bxc4 8. Nc3 Nh6
9. Bxh6 gxh6 10. Be2 Qa5 11. Qd2 Bb4 12. O-O Bxc3 13. Qxh6 Bxa1 14. Rxa1 Qc3 15.
Rc1 Nb4 16. Ng5 Qd2 17. Rb1 Qxe2 18. Qg7 Qxc2 19. Qxf7+ Kd8 0-1

[Event "AUTO-INT-3622"]
[Site "http://www.queenalice.com/game.php?id=1638728"]
[Date "2021.1.3"]
[Round "1"]
[White "Tenor"]
[Black "daniel0176"]
[Result "1-0"]
[WhiteElo "1659"]
[BlackElo "1367"]

1. b4 d5 2. d4 Nc6 3. c3 e6 4. e3 Nf6 5. Nf3 h6 6. Be2 a6 7. b5 axb5 8. Bxb5 Bd7
9. Nbd2 Bd6 10. O-O O-O 11. Ne5 Nxe5 12. Bxd7 Nexd7 13. Nf3 Re8 14. g3 c5 15.
Ne5 Bxe5 16. dxe5 Nxe5 17. Bb2 Nfg4 18. h3 1-0